000 00359pab a2200157 454500
008 180718b2015 xxu||||| |||| 00| 0 eng d
100 _aHimanshu
245 _aInequality in India
260 _c2015
300 _ap.30-35.
362 _aAug
650 _aSocial inequality - India
650 _aSocial inequality
773 _aSeminar
909 _a108895
999 _c108890
_d108890